| 000 | 00797nam a2200229 a 4500 | ||
|---|---|---|---|
| 001 | 000038398 | ||
| 003 | DO-SdBNP | ||
| 005 | 20231113083744.0 | ||
| 008 | 130410s2002 dr d 000 0 spa d | ||
| 040 |
_aDO-SdBNP _bspa _cBNPHU |
||
| 082 | 4 |
_a330.97293 _bL735a _222 |
|
| 100 | 1 |
_aLinares, Manuel _953454 |
|
| 245 | 1 | 0 |
_aAnálisis básico de la economía dominicana / _cManuel Linares. |
| 260 |
_aSanto Domingo : _bArtes Gráficas , _c2002. |
||
| 300 |
_a253 p. : _bil., _c27 cm. |
||
| 590 | _aInventariado, 2018/ YL | ||
| 651 | 4 |
_aRepública Dominicana _xCondiciones económicas _9281 |
|
| 651 | 4 |
_aRepública Dominicana _xCondiciones económicas _xHistoria _91210 |
|
| 651 | 4 |
_aRepública Dominicana _xPolítica económica _9643 |
|
| 910 | _aValidado. Control de calidad MFF | ||
| 942 |
_2ddc _cLBS1 |
||
| 999 |
_c37888 _d37888 |
||